000 01885cam a22003734a 4500
999 _c9588
_d9588
001 12968624
003 GBCCL
005 20241126110715.0
008 021015s2003 miu b 001 0 eng
010 _a 2002151808
020 _a0310245680
020 _z9780310873761 (epub)
040 _aDLC
_cDLC
_dDLC
042 _apcc
043 _aa-is---
050 0 0 _aBS680.W2
_bS48 2003
082 0 0 _a230.0411
_221
_bSHO
245 0 0 _aShow them no mercy :
_bfour views on God and Canaanite genocide /
_cC.S. Cowles ... [et al.].
260 _aGrand Rapids, Mich. :
_bZondervan,
_cc2003.
300 _a218 p. ;
_c21 cm.
490 1 _aCounterpoints
504 _aIncludes bibliographical references and indexes.
505 0 _aThe case for radical discontinuity / C.S. Cowles. Responses / Eugene H. Merrill, Daniel L. Gard, Tremper Longman III -- The case for moderate discontinuity / Eugene H. Merrill. Responses / C.S. Cowles, Daniel L. Gard, Tremper Longman III -- The case for eschatological continuity / Daniel L. Gard. Responses / C.S. Cowles, Eugene H. Merrill, Tremper Longman III -- The case for spiritual continuity / Tremper Longman III. Responses / C.S. Cowles, Eugene H. Merrill, Daniel L. Gard.
650 0 _aWar
_xBiblical teaching.
_916657
650 0 _aGenocide
_xBiblical teaching.
_916658
650 0 _aCanaanites
_xBiblical teaching.
_916659
700 1 _aCowles, C. S.
_916660
830 0 _aCounterpoints (Grand Rapids, Mich.)
_91396
856 4 2 _3Publisher description
_uhttp://www.loc.gov/catdir/enhancements/fy0633/2002151808-d.html
856 4 1 _3Table of contents only
_uhttp://www.loc.gov/catdir/enhancements/fy1012/2002151808-t.html
906 _a7
_bcbc
_corignew
_d1
_eecip
_f20
_gy-gencatlg
942 _2ddc
_cBK
_01